Evaluating the effectiveness of the rice seed packagin on germination rate and storage period,(ការប្រៀបធៀបប្រសិទ្ធភាពរបស់បរិក្ខាទុកដាក់គ្រាប់ពូជស្រូវលើអត្រាដំណុះ និងរយះពេលទុកដាក់) (Record no. 1199)
[ view plain ]
| 000 -LEADER | |
|---|---|
| fixed length control field | 00712nam a22001577a 4500 |
| 003 - CONTROL NUMBER IDENTIFIER | |
| control field | OSt |
| 005 - DATE AND TIME OF LATEST TRANSACTION | |
| control field | 20150924151535.0 |
| 008 - FIXED-LENGTH DATA ELEMENTS--GENERAL INFORMATION | |
| fixed length control field | 150924b xxu||||| |||| 00| 0 eng d |
| 040 ## - CATALOGING SOURCE | |
| Transcribing agency | RUA |
| 082 ## - DEWEY DECIMAL CLASSIFICATION NUMBER | |
| Classification number | AGR PIC 2012 B052 Or.1 |
| 100 ## - MAIN ENTRY--PERSONAL NAME | |
| 9 (RLIN) | 1267 |
| Personal name | PICH PUTHPANNHA |
| 245 ## - TITLE STATEMENT | |
| Title | Evaluating the effectiveness of the rice seed packagin on germination rate and storage period,(ការប្រៀបធៀបប្រសិទ្ធភាពរបស់បរិក្ខាទុកដាក់គ្រាប់ពូជស្រូវលើអត្រាដំណុះ និងរយះពេលទុកដាក់) |
| 260 ## - PUBLICATION, DISTRIBUTION, ETC. (IMPRINT) | |
| Place of publication, distribution, etc. | phnom penh |
| Name of publisher, distributor, etc. | RUA |
| Date of publication, distribution, etc. | 2012 |
| 300 ## - PHYSICAL DESCRIPTION | |
| Extent | x, 41p. |
| Dimensions | ill. |
| Size of unit | 29cm. |
| 942 ## - ADDED ENTRY ELEMENTS (KOHA) | |
| Source of classification or shelving scheme | |
| Koha item type | AGR |
| Price effective from | Date last seen | Permanent Location | Not for loan | Date acquired | Source of classification or shelving scheme | Koha item type | Lost status | Withdrawn status | Date last checked out | Total Checkouts | Shelving location | Damaged status | Barcode | Current Location | Checked out | Full call number |
|---|---|---|---|---|---|---|---|---|---|---|---|---|---|---|---|---|
| 2015-09-24 | 2016-06-30 | Library Block B | 2015-09-24 | AGR | 2016-06-13 | 1 | RUA005426 | Library Block B | AGR PIC 2012 B052 Or.1 | |||||||
| 2015-09-24 | 2015-09-24 | Library Block B | 2015-09-24 | AGR | RUA005363 | Library Block B | AGR PIC 2012 B052 Or.2 | |||||||||
| 2015-09-24 | 2016-07-12 | Library Block B | 2015-09-24 | AGR | 2016-06-24 | 1 | RUA005753 | Library Block B | AGR PIC 2012 B052 Or.3 | |||||||
| 2015-09-24 | 2016-08-03 | Library Block B | 2015-09-24 | AGR | 2016-07-23 | 1 | RUA004716 | Library Block B | AGR PIC 2012 B052 Or.4 | |||||||
| 2015-09-24 | 2018-04-30 | Library Block B | 2015-09-24 | AGR | 2018-04-30 | 1 | RUA004641 | Library Block B | 2018-05-21 | AGR PIC 2012 B052 Or.5 | ||||||
| 2015-09-24 | 2015-09-24 | Library Block B | 2015-09-24 | AGR | RUA005897 | Library Block B | AGR PIC 2012 B052 Or.6 | |||||||||
| 2015-09-24 | 2024-06-25 | Library Block B | 2015-09-24 | AGR | 2024-06-10 | 2 | RUA004860 | Library Block B | AGR PIC 2012 B052 Or.7 | |||||||
| 2019-01-21 | 2025-10-23 | Library Block B | 2019-01-21 | AGR | 2025-10-11 | 1 | B1.210 | A41557 | Library Block D | AGR PIC 2012 B1.210 Or.1 |